[Event "YUG-ch53"]
[Site "Belgrade "]
[Date "1998.03.14"]
[Round "1"]
[White "Markovic, Miroslav"]
[Black "Petronic, Jovan"]
[Result "1-0"]
[WhiteElo "2540"]
[BlackElo "2450"]
[Annotator "Wedberg,T"]
[PlyCount "115"]
[EventDate "1998.03.14"]
[EventType "tourn"]
[EventRounds "15"]
[EventCountry "YUG"]
[EventCategory "10"]
[SourceTitle "CBM 064"]
[Source "ChessBase"]
[SourceDate "1998.06.02"]
[SourceVersion "1"]
[SourceVersionDate "1998.06.02"]
[SourceQuality "1"]

1. e4 {Kortschnoj} e5 2. Nf3 Nc6 3. Bb5 a6 4. Bxc6 dxc6 5. O-O Qd6 6. Na3 b5 7.
c3 c5 8. Nc2 Bb7 9. d4 cxd4 10. cxd4 exd4 11. Nfxd4 O-O-O 12. b4 $146 {White
secures his N on d4 by preventing c5 and relies on a small tactic to keep the
material balance.} (12. Bg5 Be7 13. Qg4+ Qd7 14. Qxd7+ (14. Nf5 Bxg5 15. Qxg5
Bxe4 $15 {Kotronias,V-Van der Sterren,P/Reykjavik op 1994/EXP 39/0-1 (49)})
14... Rxd7 15. Bxe7 Nxe7 16. f3 c5 $36 {0-1 De la Villa Garcia,J-Ibragimov,I/
Ubeda op 1997/EXP 56 (32)}) 12... Bxe4 $6 (12... Qe5 $5) (12... Qg6 $142 $5 {
Kortschnoj} 13. f3 Bd6 $13) 13. Qg4+ f5 14. Nxf5 Bxf5 (14... Qe6 $4 15. Ne7+
Kd7 16. Rd1+ Kxe7 17. Qxe6+ Kxe6 18. Rxd8 $18) 15. Qxf5+ Qd7 {The N on d4 is
gone, but so is Blacks important white squared B.} 16. Qf3 Qd5 17. Qh3+ Qd7 18.
Qc3 $16 Nf6 19. a4 $40 bxa4 20. Bg5 (20. Qa3 $16) 20... Be7 21. Qf3 Qd5 22.
Qh3+ Qd7 23. Qf3 Qd5 24. Qg3 Qb5 (24... Qb3 $5) (24... Kb8 $1 $14 {Kortschnoj})
25. Be3 Bd6 26. Qh3+ (26. Qxg7 $4 {Kortschnoj} Bxh2+ 27. Kxh2 Qh5+ 28. Kg1 Rhg8
29. Qxf6 Rxg2+ 30. Kxg2 Rg8+ 31. Bg5 Rxg5+ 32. Qxg5 Qxg5+ 33. Kh2 Qh5+ 34. Kg2
Qg6+ $19 {[%cal Yg6c2]}) 26... Qd7 (26... Kb7 $1 {Kortschnoj} 27. Z0 Qh5 $14)
27. Qf3 Qg4 28. Qc6 Qh5 29. h3 (29. Qxa6+ $1 Kd7 30. Qxa4+ Kc8 (30... Ke7 {
Kortschnoj} 31. h3 Qe5 32. f4 $16) 31. f4 $18) 29... Qb5 30. Nd4 Qxc6 31. Nxc6
Rde8 32. Rxa4 Kd7 (32... Kb7 33. Na5+ Kc8 34. Nc4 $14) (32... Nd5 {Kortschnoj}
33. Bc5 $16) 33. Rxa6 $16 Ra8 34. Rfa1 Rxa6 35. Rxa6 Re8 36. Kf1 Nd5 37. Bd2
Re4 38. b5 Nb6 (38... Bf4 $5 {Kortschnoj} 39. Z0 Kd6 40. Z0 Kc5) 39. Ra1 Ke6
40. f3 Rc4 41. Re1+ (41. Ke2 $16 {Kortschnoj}) 41... Kf6 (41... Kd5 {Kortschnoj
} 42. Be3 Rc3 43. Bd4 $1 Rb3 44. Rd1 $1 Rxb5 45. Na7 $18) 42. Be3 (42. Nd8 $5 {
Kortschnoj} Be5 $8 43. Bg5+ Kxg5 (43... Kf5 44. h4 h5 45. Nc6 $16) 44. Rxe5+
Kf4 45. Re7 g5 (45... Nd5 $5) 46. Rxc7 Rb4 47. Rc5 h6 $44) 42... Bc5 43. Nd8 (
43. Bxc5 {Kortschnoj} Rxc5 44. Nd4 Rd5 45. Re4 Na4 46. Z0 Nc3 $14) 43... Bxe3
44. Rxe3 Nd5 45. Re6+ Kf5 46. Re2 Kf6 (46... Nf4 $1 $11 {Kortschnoj}) 47. g3 g6
(47... Rc5 $142 {Kortschnoj} 48. Re6+ (48. Z0 Rxb5) 48... Kf5 49. Kf2 Rc2+ 50.
Ke1 Rc5) 48. Re6+ Kg7 (48... Kf5 {Kortschnoj} 49. h4 Rc5 50. Kg2 Rc2+ 51. Kh3
Rc3 $11) 49. Re5 Nb4 (49... Rc5 $142 {Kortschnoj} 50. Ne6+ Kf6 51. Nxc5 Kxe5
$44) 50. f4 Rc1+ 51. Ke2 Rc2+ 52. Kf3 Rc3+ 53. Kg4 Nd3 54. Re7+ Kg8 55. Ne6
Nf2+ 56. Kh4 Rb3 57. Rg7+ Kh8 58. Rxc7 1-0

[Event "Groningen"]
[Site "Groningen"]
[Date "1994.??.??"]
[Round "8"]
[White "Van der Wiel, John"]
[Black "Almasi, Zoltan"]
[Result "0-1"]
[WhiteElo "2555"]
[BlackElo "2620"]
[Annotator "Wedberg,T"]
[PlyCount "120"]
[EventDate "1994.12.??"]
[EventType "tourn"]
[EventRounds "11"]
[EventCountry "NED"]
[EventCategory "15"]
[SourceTitle "CBM 045"]
[Source "ChessBase"]
[SourceDate "1995.04.01"]
[SourceVersion "1"]
[SourceVersionDate "1995.04.01"]
[SourceQuality "1"]

1. e4 e5 2. Nf3 Nc6 3. Bb5 a6 4. Bxc6 dxc6 5. O-O Qd6 6. d3 Ne7 7. Nbd2 Ng6 (
7... f6 8. Nc4 Qe6 9. a4 Qf7 10. Ne1 Be6 11. Qe2 g5 12. b4 Ng6 13. Rb1 b6 14.
Ne3 Nf4 $13 {Susterman,L-Dodu,P/Odorheiu/1993}) (7... Be6 8. Ng5 O-O-O 9. Nxe6
Qxe6 10. Nc4 Kb8 11. Qh5 f6 12. f4 exf4 13. Bxf4 Ng6 14. Bg3 Bd6 15. Nxd6 cxd6
16. b4 $40 {Ivanov,Vi-Zaitzev,I/Moscow/1994}) 8. Nc4 Qf6 (8... Qe6 9. Ne3 (9.
b3 c5 10. Ne3 Be7 11. Nf5 O-O 12. h4 $14 {Ostojic-Honfi/Kecskemet/1977}) 9...
Bd6 10. Nf5 O-O 11. h4 $5 Ne7 12. Ng5 Qf6 13. g4 g6 14. Nxd6 Qxd6 15. f4 f6 16.
Nh3 exf4 17. Bxf4 Qd7 18. Nf2 c5 $13 {Glek,I-Kovalev,A/BL/1993}) 9. Bg5 (9. d4
exd4 10. Bg5 (10. Qxd4 Qxd4 11. Nxd4 c5 12. Ne2 Bd7 13. Nc3 O-O-O 14. a4 f5 15.
Rd1 fxe4 16. Nxe4 Re8 17. Nc3 Be6 18. Ne3 Be7 $15 {Arnold,L-Smejkal,J/BL/1987})
10... Qe6 11. Qxd4 f6 12. Rad1 Be7 13. Bc1 O-O 14. Rfe1 $14 {Gipslis,A}) 9...
Qe6 10. Bd2 Bc5 11. b4 $146 (11. Be3 Be7 $10 {Velikov-Lukac/Moscow/1977}) 11...
Ba7 12. Be3 O-O 13. Qd2 Qe7 14. Bxa7 Rxa7 15. Qc3 f6 16. Ne3 Nf4 17. Rfe1 Rd8
18. Rad1 Ra8 19. a3 $6 (19. d4 $5 exd4 20. Rxd4 Rxd4 21. Qxd4 Be6 $10) (19. g3
$5) 19... Qf7 20. g3 $6 (20. d4 $142 $132) 20... Qh5 $40 21. gxf4 $2 (21. Nh4
$142 Nh3+ (21... Ne2+ $2 22. Rxe2 Qxe2 23. g4 {Trapping the Q.}) 22. Kg2 Ng5
$40) 21... exf4 22. Nd4 fxe3 23. fxe3 Bh3 (23... Qg5+ $142 24. Kf2 (24. Kh1 Bg4
$19) 24... Bg4 $17) 24. Rd2 Re8 {/\Re8-e5-g5} 25. Rf2 a5 26. Kh1 axb4 27. axb4
Bg4 28. Nf5 $2 (28. Rg1 $142 Re5 29. Rfg2 Rg5 30. Qb3+ Kh8 31. Rg3 $13) 28...
Re5 $1 29. Ref1 Bxf5 $17 30. Rxf5 Rxf5 31. exf5 Qe2 32. Re1 (32. Qc4+ $5 Kh8
33. Qf4 Qxc2) 32... Qf3+ 33. Kg1 Qxf5 $19 34. e4 Qe6 35. b5 cxb5 36. Qxc7 Rc8
37. Qxb7 Qg4+ 38. Kh1 Qf3+ 39. Kg1 Rxc2 40. Qd5+ Kf8 $19 41. Qd6+ Kf7 42. Qg3 (
42. Qd7+ Kg6 $1) 42... Qxg3+ 43. hxg3 Rb2 (43... Rd2 $2 44. Rb1 Rxd3 45. Kf2
Rd4 46. Ke3) 44. Rc1 b4 45. Rc7+ Kg6 46. Rb7 b3 47. Kf1 Kh5 48. Ke1 g5 49.
Rxh7+ Kg4 50. Kd1 Kxg3 51. Rf7 Rf2 52. Kc1 g4 53. d4 Kh4 54. d5 g3 55. Rh7+ Kg5
56. Rg7+ Kf4 57. d6 b2+ 58. Kb1 Rd2 59. d7 Kf3 60. Rg6 Rxd7 0-1

[Event "Hoogovens op"]
[Site "Wijk aan Zee"]
[Date "1995.01.??"]
[Round "12"]
[White "Timman, Jan H"]
[Black "Almasi, Zoltan"]
[Result "0-1"]
[WhiteElo "2635"]
[BlackElo "2590"]
[Annotator "Wedberg,T"]
[PlyCount "100"]
[EventDate "1995.01.??"]
[EventType "swiss"]
[EventRounds "12"]
[EventCountry "NED"]
[SourceTitle "CBM 046"]
[Source "ChessBase"]
[SourceDate "1995.06.01"]
[SourceVersion "1"]
[SourceVersionDate "1995.06.01"]
[SourceQuality "1"]

1. e4 {Hecht} e5 2. Nf3 Nc6 3. Bb5 a6 4. Bxc6 dxc6 5. O-O Qd6 6. Na3 Be6 7. Qe2
f6 8. Rd1 O-O-O 9. d4 Bg4 10. Be3 exd4 $146 (10... Qe6 11. Nc4 exd4 12. Bxd4
Ne7 13. Be3 Re8 14. Ncd2 f5 $36 {Brynell,S-Almasi,Z/Malmö/1994}) 11. Rxd4 Qe7
12. Ra4 $6 {/\Rxa6?} Qe8 13. h3 (13. Rxa6 bxa6 14. Qxa6+ Kd7 15. Rd1+ Bd6 $19)
13... Bh5 14. Re1 Nh6 15. e5 $6 Bxf3 16. Qxf3 Qxe5 17. Re4 Qf5 (17... Qxb2 $5)
18. Rf4 Qd5 19. Nc4 Qxf3 20. Rxf3 Nf7 $15 21. Bf4 Bc5 22. Kf1 Rhe8 23. Rxe8
Rxe8 24. c3 Bd6 25. Re3 Rd8 26. Bxd6 Nxd6 27. Nxd6+ cxd6 28. Re7 Rd7 $19 {
Hecht: Die beiden schwarzen Figuren sind zu aktiv. Schwarz kann seinen
Mehrbauern problemlos verwerten.} 29. Re8+ Rd8 30. Re7 Rd7 31. Re8+ Kc7 32. Ke2
d5 33. Kd3 Kd6 34. b4 Re7 35. Rg8 Kc7 36. a4 Kb6 {/\a5} 37. a5+ Kb5 38. Rd8 Ka4
39. h4 g6 40. Rf8 f5 41. h5 Kb3 42. h6 Re1 $1 43. Rf7 Rd1+ 44. Ke2 Rh1 45. Kd3
Rxh6 46. Rxb7 Rh4 47. b5 (47. Rb6 Rc4 $19) 47... axb5 48. a6 Rc4 49. Rb6 Rxc3+
50. Kd4 Kb4 0-1

[Event "Malmo"]
[Site "Malmo"]
[Date "1993.??.??"]
[Round "5"]
[White "Brynell, Stellan"]
[Black "Romanishin, Oleg M"]
[Result "1/2-1/2"]
[WhiteElo "2465"]
[BlackElo "2590"]
[Annotator "Wedberg,T"]
[PlyCount "64"]
[EventDate "1993.06.??"]
[EventType "tourn"]
[EventRounds "9"]
[EventCountry "SWE"]
[EventCategory "11"]
[SourceTitle "CBM 036"]
[Source "ChessBase"]
[SourceDate "1993.10.01"]
[SourceVersion "1"]
[SourceVersionDate "1993.10.01"]
[SourceQuality "1"]

1. e4 e5 2. Nf3 Nc6 3. Bb5 a6 4. Bxc6 dxc6 5. O-O Qd6 6. Na3 Be6 7. Qe2 (7. Ng5
Bd7 (7... h6 8. Nxe6 Qxe6 9. d3 Bxa3 10. bxa3 Ne7 11. Be3 b6 12. Qb1 c5 13. Qb3
Qd6 14. Rab1 Nc6 {= Smejkal-Romanishin, Erevan 1976}) 8. d3 (8. Nc4 Qg6 9. d4
f6 10. f4 exf4 11. Nf3 {Brynell-Barkhagen, Swedish Ch 1991} Qf7 12. b3 g5 $15)
8... f6 9. Nc4 Qe7 10. Nf3 Qf7 11. Be3 Be6 12. Nfd2 Ne7 13. f4 exf4 14. Bxf4
Ng6 {Christiansen-Pinter, Manila (ol) 1992}) 7... f6 8. Rd1 Bg4 $146 (8... g5
$6 {Timman-Short (m7) San Lorenzo 1993}) 9. c3 Qe6 10. Nc2 (10. Nc4 $2 Bxf3 $15
) (10. d4 Bxa3 $10) 10... Ne7 11. d4 Ng6 12. h3 Bxf3 13. Qxf3 Bd6 14. Ne3 O-O
15. Nf5 (15. d5 $5) 15... exd4 $1 {/\><e4} 16. cxd4 Rae8 17. Re1 Ne7 18. Nxe7+
Rxe7 19. Bd2 c5 20. dxc5 Bxc5 21. Bc3 Bd6 (21... c6 $10) 22. e5 fxe5 23. Qxb7
e4 24. Qb3 Qxb3 25. axb3 Bc5 26. Re2 e3 27. fxe3 Rxe3 28. Rxe3 Bxe3+ 29. Kh2
Bf4+ 30. g3 Bd6 31. Kg2 Re8 32. Kf3 Rf8+ 1/2-1/2

[Event "Olympiad-31"]
[Site "Moscow"]
[Date "1994.12.09"]
[Round "8.2"]
[White "Magem Badals, Jordi"]
[Black "Malaniuk, Vladimir P"]
[Result "0-1"]
[WhiteElo "2520"]
[BlackElo "2610"]
[Annotator "Wedberg,T"]
[PlyCount "56"]
[EventDate "1994.12.01"]
[EventType "team-swiss"]
[EventRounds "14"]
[EventCountry "RUS"]
[SourceTitle "CBM 045"]
[Source "ChessBase"]
[SourceDate "1995.04.01"]
[SourceVersion "1"]
[SourceVersionDate "1995.04.01"]
[SourceQuality "1"]
[WhiteTeam "Spain"]
[BlackTeam "Ukraine"]
[WhiteTeamCountry "ESP"]
[BlackTeamCountry "UKR"]

1. e4 {Ftacnik} e5 2. Nf3 Nc6 3. Bb5 a6 4. Bxc6 dxc6 5. O-O Qd6 6. Na3 Be6 7.
Qe2 f6 8. Rd1 Bg4 (8... c5 {Ftacnik} 9. c3) 9. c3 Qe6 10. Nc2 Bh5 (10... Bd6
11. d4 (11. Ne3 Bxf3 12. Qxf3 Ne7 13. Qg4 Qf7 14. d4 O-O $10 {Rozentalis,
E-Romanishin,O/Bonn/1994}) 11... Ne7 12. Ne3 Bh5 13. Qc4 Qxc4 14. Nxc4 O-O-O
$10 {Kotronias,V-Romanishin,O/Tilburg/1994}) 11. d4 Bd6 12. Re1 (12. Ne3 Ne7 (
12... exd4 13. Nf5 $36)) 12... Ne7 13. h3 h6 14. Ne3 Bf7 (14... exd4 {Ftacnik}
15. Nxd4 Qf7 (15... Qe5 16. f4 $1 Qa5 17. Qf2 $16) 16. Qc4 $14) 15. Nf5 Nxf5 (
15... O-O {Ftacnik} 16. N3h4 $5 $36) 16. exf5 Qxf5 17. dxe5 fxe5 18. Nxe5 O-O (
18... Bxe5 {Ftacnik} 19. Qxe5+ Qxe5 20. Rxe5+ Kd7 21. Bf4 $14) 19. Nxf7 Rxf7
20. Be3 Re8 21. Qg4 $4 (21. Rad1 $142 Qe5 22. g3 $13) (21. Qd2 $5 {Ftacnik})
21... Rxe3 $1 $19 22. fxe3 Qe5 23. g3 Rf5 (23... h5 {Ftacnik} 24. Qe2 Qxg3+ 25.
Qg2) 24. Rad1 (24. Kh1 $5 {Ftacnik} Rg5 25. Qc4+ Kh8 26. Rg1 Rxg3 27. Rxg3 Qxg3
28. Qe2 Qxh3+ 29. Kg1 g5 $44) 24... h5 25. Qc4+ Kh8 26. Qe2 (26. Qh4 {Ftacnik}
Be7 27. Rd8+ Bxd8 (27... Kh7 28. Re8 Bxh4 29. Rxe5 Rxe5 30. gxh4 Re4 31. Kg2
Rxh4 32. e4 g5 $15) 28. Qxd8+ Kh7 29. Qh4 $17) 26... Qxg3+ 27. Qg2 Qh4 28. Kh1
Rg5 (28... Rg5 {Ftacnik} 29. Qf3 Rg3 30. Qf5 Rxh3+ 31. Kg2 Qg3+ 32. Kf1 Rh2 $19
) 0-1

[Event "Hastings 9697"]
[Site "Hastings"]
[Date "1996.??.??"]
[Round "9"]
[White "Rozentalis, Eduardas"]
[Black "Hebden, Mark"]
[Result "1-0"]
[WhiteElo "2610"]
[BlackElo "2530"]
[Annotator "Wedberg,T"]
[PlyCount "125"]
[EventDate "1996.12.??"]
[EventType "tourn"]
[EventRounds "9"]
[EventCountry "ENG"]
[EventCategory "13"]
[SourceTitle "CBM 057"]
[Source "ChessBase"]
[SourceDate "1997.04.01"]
[SourceVersion "1"]
[SourceVersionDate "1997.04.01"]
[SourceQuality "1"]

1. e4 {Endspiel-CD} e5 2. Nf3 Nc6 3. Bb5 a6 4. Bxc6 dxc6 5. O-O Bd6 6. d4 exd4
7. Qxd4 f6 8. Be3 Ne7 9. Nbd2 Be6 10. Rad1 (10. Nc4 $2 Bxh2+ 11. Kxh2 Qxd4 12.
Nxd4 Bxc4 $17) 10... Ng6 11. Nc4 Bxc4 (11... Bb4 12. Nb6 $1 c5 13. Qxd8+ Rxd8
14. Rxd8+ Kxd8 15. Rd1+ Ke7 16. Nd5+ Bxd5 17. Rxd5 $16 {1-0 Pfannkuche,
M-Jurasin,M/BL8384 1984 (51)}) 12. Qxc4 Qe7 13. Rfe1 O-O-O {Blacks main idea
here is to attack e4. Its true that Blacks P-formation is weaker in the
endgame, but in the middlegame the pressure along the e- and d-files can be
very effective.} 14. a4 $146 {This is useful since it holds back an expansion
with c5 and b5 after Bd4.} (14. Bd4 Bb4 15. c3 Bd6 16. b4 Rde8 17. a4 Qe6 18.
Qxe6+ Rxe6 19. Nd2 Ne5 20. Nb3 Nc4 21. Re2 h5 22. g3 h4 $13 {Marciano,D-Hebden,
M/Toulouse op 1990/0-1 (71)}) (14. g3 Rhe8 15. Nd4 $2 Qxe4 $17 {Bednarska,
M-Holoubkova,M/Timisoara ztW-A 1993/0-1 (50)}) 14... Rhe8 15. Bd4 Qe6 16. Qxe6+
Rxe6 17. Bc3 Rde8 18. Nd2 Nf4 (18... f5 19. Bxg7 fxe4 20. Bd4 $14) 19. Kf1 g5
20. f3 Ng6 21. g3 h5 (21... Be5 $5) 22. Nc4 Be5 23. Nxe5 Nxe5 24. Kf2 g4 25.
Bxe5 Rxe5 (25... fxe5 26. Ke3 $14) 26. Re3 b5 27. b3 gxf3 $2 {This gives
Whites K a chance to become active against Blacks weak K-side P:s.} (27... R8e6
$13) 28. Kxf3 $16 f5 $2 {This only helps White to get passed P:s.} 29. Rde1 Rf8
30. Kf4 $1 $18 {Deciding the game. Whites K is very strong in this position,
while the black K is doing nothing.} Rxe4+ 31. Rxe4 fxe4+ 32. Kg5 $1 Re8 (32...
Rf2 33. h4 Rxc2 34. Kxh5 Rc3 35. g4 $18) 33. c4 (33. Re2 $5) 33... bxc4 34.
bxc4 Re5+ 35. Kf6 Ra5 36. Rxe4 Rxa4 37. Kg6 Ra5 38. h4 Ra3 39. g4 hxg4 40. Rxg4
a5 41. h5 a4 42. c5 Ra1 43. h6 a3 44. h7 Rh1 45. Ra4 Kd7 46. Rxa3 Rg1+ 47. Kf7
Rf1+ 48. Kg7 Rg1+ 49. Kh8 Ke6 50. Ra8 Rg5 (50... Kf7 51. Rc8 $18) 51. Rg8 Rxc5
52. Kg7 Rh5 53. h8=Q Rxh8 54. Rxh8 c5 55. Rh5 c4 56. Rc5 Kd6 57. Rxc4 {CD 3} c5
58. Kf6 Kd5 59. Rc1 (59. Rc2 $4 {Endspiel-CD} Kd4 60. Kf5 c4 61. Kf4 Kd3 62.
Rc1 c3 $11) 59... c4 60. Kf5 Kd4 61. Kf4 Kd3 62. Kf3 c3 63. Rd1+ (63. Rd1+ {
Endspiel-CD} Kc4 64. Ke2 c2 65. Rc1 Kc3 66. Ke3 $18) 1-0

[Event "Madrid Magistral 6th"]
[Site "Madrid"]
[Date "1997.05.23"]
[Round "3"]
[White "Shirov, Alexei"]
[Black "Topalov, Veselin"]
[Result "0-1"]
[WhiteElo "2690"]
[BlackElo "2725"]
[Annotator "Wedberg,T"]
[PlyCount "164"]
[EventDate "1997.06.??"]
[EventType "tourn"]
[EventRounds "9"]
[EventCountry "ESP"]
[EventCategory "17"]
[SourceTitle "CBM 059"]
[Source "ChessBase"]
[SourceDate "1997.08.01"]
[SourceVersion "1"]
[SourceVersionDate "1997.08.01"]
[SourceQuality "1"]

{Shirov plays a new move, with a brand new plan to go with it, but he fails to
prove its value. Whites play could perhaps be improved, so the line is worth
another try.} 1. e4 e5 2. Nf3 Nc6 3. Bb5 a6 4. Bxc6 dxc6 5. O-O Bg4 6. h3 h5 7.
d3 Qf6 8. Be3 (8. Nbd2 {Leads to the drawish main line.} Ne7 9. Re1 Ng6 10. d4
Bd6 11. hxg4 hxg4 12. Nh2 Rxh2 13. Qxg4 Qh4 14. Qxh4 Rxh4 15. Nf3 Rh5 16. dxe5
Nxe5 17. Nxe5 Bxe5 18. c3 {Gipslis in ECO gives +/= here} O-O-O (18... g5 $11)
19. Be3 g5 $11 {Barendregt,J-Zuidema,C/Amsterdam IBM 1965/MCL 08/0-1 (88)})
8... Bxf3 9. Qxf3 Qxf3 10. gxf3 Bd6 11. Nd2 (11. Kh2 f5 12. Rg1 Kf7 13. a4 Ne7
14. Kg2 Ng6 $132 {1-0 De Vreugt,D-Van de Oudeweetering,A/NLD-ch op 1994/EXT
94ch (38)}) (11. c4 Nf6 12. c5 Be7 13. Rc1 Nd7 14. Nd2 O-O-O 15. Rc3 f5 16.
exf5 Rhf8 $15 {Den Broeder,G-Van der Weij,A/NLD-chT 1993/EXT 93ch/0-1 (74)}) (
11. Nc3 Ne7 12. Kg2 (12. Kh2 f6 13. h4 Ng6 14. Kh3 Nf8 15. Rg1 Kf7 16. Rg2 Ne6
17. Rag1 Rhg8 18. Ne2 {1/2-1/2 Siroky,J-Mrva,V/SVK-chT 1995/EXT 95ch}) 12...
Ng6 13. Rg1 O-O-O {1/2-1/2 Siroky,J-Sturc,G/SVK-chT 1995/EXT 95ch}) 11... Ne7
12. Rfb1 $146 {Shirov launches a completely new plan in this position. Rather
than trying to do something on the g-file, he starts play on the Q-side. The
main drawback is that there is little to be had there if Black is cautious.} (
12. Rfd1 f6 13. Kf1 (13. Nb3 Kf7 14. Kf1 g5 15. d4 exd4 16. Nxd4 Ng6 $11 {
1/2-1/2 Dassel,U-Harzheim,L/NRW-I 1989/BIG 80 (23)}) 13... g5 14. Ke2 Ng6 15.
Nf1 Kf7 16. Ng3 Ne7 17. Rh1 h4 18. Nf1 a5 19. a4 {1/2-1/2 Larsen,O-Notkin,M/
Aalborg op 1995/EXT 95op}) (12. Nc4 Ng6 13. Kh1 f6 14. Rg1 Kf7 15. Rg3 Ne7 (
15... Nh4 16. f4 exf4 17. Nxd6+ cxd6 18. Bxf4 d5 $10 {0-1 Ljubojevic,L-Spassky,
B/Tilburg 1978/MCL 08/[Ftacnik] (43)}) 16. f4 exf4 17. Nxd6+ cxd6 18. Bxf4 Rad8
19. Rag1 Rhg8 $11 {Zaitsev,I-Notkin,M/Podolsk-chT 1993/TD 93\07/0-1 (65)}) (12.
Kh1 O-O-O 13. Rg1 Rh7 14. Rg2 c5 15. Rag1 g6 16. Bg5 Re8 17. Bxe7 Bxe7 18. Nc4
Bf6 19. a4 $14 {Rozentalis,E-Duong Thanh Nha/Montreal op 1995/EXT 95op/1-0 (57)
}) (12. Kh2 f6 13. Nc4 O-O-O 14. h4 Kd7 15. Rg1 g6 16. Rab1 Ke6 $13 {Watanabe,
R-Zapata,M/WchJ-U20 Santiago 1990/EXT 90ch/0-1 (46)}) 12... Ng6 13. b4 f6 14.
a4 Kf7 15. Kf1 Nf8 16. Ke2 Ne6 {Now White has to explain the meaning behind
the moves a4 and b4.} 17. c3 $6 {Achange of plan, now White wants to go d4
instead.} (17. c4 $5 {trying for b5 or c5 is at least more in line with the
main idea of a Q-side expansion.} Nd4+ (17... b6 18. c5 bxc5 19. bxc5 Bxc5 20.
Bxc5 Nxc5 21. Rc1 $16) 18. Bxd4 exd4 19. c5 Bf4 20. Nc4 $13) 17... Rhd8 18. Nc4
(18. d4 exd4 (18... g5 19. d5 cxd5 20. exd5 Nf4+ 21. Bxf4 exf4) 19. cxd4 Nf4+ (
19... Bf4 20. Nb3) 20. Bxf4 Bxf4 21. Nb3 Rd6 22. Rd1 Rad8 23. Rd3 $11) 18... b6
19. Kd2 (19. Nxd6+ Rxd6 20. a5 b5 21. Rd1 Rad8 22. Rac1 g5 23. c4 Ke7 24. cxb5
cxb5 25. Bc5 Nxc5 26. Rxc5 c6 $11) 19... Be7 20. Kc2 Rd7 21. Rd1 Rad8 22. Rd2
g6 23. Rad1 Bf8 24. Kb3 {Finally White threatens d4 again.} c5 $1 $17 25. b5 a5
26. Kc2 Bg7 {White's play is gone, now Black has all the options.} 27. Rh1 f5
28. Rdd1 f4 29. Bc1 Bf6 30. h4 Kg7 31. Rh2 Kh7 32. Rg2 Kh6 33. Rdg1 Rg7 34. Rh1
Kh7 35. Rhg1 Rdg8 36. Rh1 Kh6 37. Kd2 g5 38. hxg5+ Nxg5 39. Ke2 Ne6 40. Rgh2 h4
41. Rxh4+ {The best practical chance} Bxh4 42. Rxh4+ Kg5 43. Rh1 Kf6 44. Bb2
Rg5 45. Rh7 Re8 46. Rd7 Re7 47. Rd5 Rh7 48. d4 exd4 49. e5+ Kf5 50. cxd4 Rg2
51. Nd6+ {Imaginative counterplay, but the position is still lost.} cxd6 52.
exd6+ Kg6 53. d7 Nd8 54. dxc5 bxc5 55. Bc3 Kf7 56. Bxa5 Ke6 57. Rxc5 Rxd7 58.
Bc7 Rgg7 59. Bxf4 Nb7 60. Rc6+ Kd5 61. Be3 Rg1 $19 62. Rh6 Kc4 63. Rc6+ Kb3 64.
b6 Kxa4 65. f4 Kb5 66. Rc2 Nd6 67. Rc5+ Ka6 68. Rd5 Rgg7 69. Kf3 Nc4 70. Rc5
Nxb6 71. Rc6 Rb7 72. f5 Rgc7 73. Re6 Kb5 74. Re5+ Kc4 75. Ke4 Nd7 76. Ra5 Nf6+
77. Ke5 Rc6 78. Bg5 Rb5+ 79. Rxb5 Nd7+ 80. Ke4 Kxb5 81. Kd5 Rc5+ 82. Ke6 Nf8+
0-1

[Event "RUS-ch51"]
[Site "St Petersburg"]
[Date "1998.08.02"]
[Round "6"]
[White "Solozhenkin, Evgeniy"]
[Black "Ibragimov, Ildar"]
[Result "1-0"]
[WhiteElo "2535"]
[BlackElo "2610"]
[Annotator "Wedberg,T"]
[PlyCount "73"]
[EventDate "1998.07.28"]
[EventType "swiss"]
[EventRounds "11"]
[EventCountry "RUS"]
[SourceTitle "CBM 067"]
[Source "ChessBase"]
[SourceDate "1998.11.30"]
[SourceVersion "2"]
[SourceVersionDate "1998.11.01"]
[SourceQuality "1"]

{[%mdl 8904]} 1. e4 e5 2. Nf3 Nc6 3. Bb5 a6 4. Bxc6 dxc6 5. O-O Qd6 6. Na3 Be6
7. Qe2 f6 8. Rd1 c5 9. c3 Bg4 10. h3 Bxf3 11. Qxf3 Ne7 12. d4 cxd4 13. cxd4
exd4 14. Bf4 Qd7 15. Rac1 Nc6 16. Nc2 Rd8 (16... Be7 17. Qb3 g5 18. Bg3 b5 19.
Ne3 Na5 20. Qd5 $16 {1-0 Glek,I-Naumkin,I/Porto San Giorgio 1997/EXP 59 (41)})
(16... Bd6 17. Nxd4 Bxf4 18. Nxc6 Bxc1 19. Rxd7 Kxd7 20. Qd1+ Kxc6 21. Qxc1+
Kb6 22. b4 c6 23. Qc5+ Kc7 24. Qe7+ Kb6 25. Qxg7 Raf8 26. f4 $14 {1/2-1/2
Naiditsch,A-Estrada Nieto,J/Budapest 1998/EXP 63 (51)}) 17. Qg3 $146 (17. Qb3
Qc8 18. Qc4 Bd6 19. Bxd6 Rxd6 $11 {1/2-1/2 Godena,M-Krasenkow,M/Reggio Emilia
1996/CBM 57/[Krasenkow] (23)}) 17... Qf7 (17... Qe6 18. Bxc7 Rd7 19. Bb6 Bd6
$13 {Krasenkov}) 18. Bxc7 Rd7 19. e5 $1 (19. Bb6 Bd6 $13) 19... Be7 (19... Rxc7
20. e6 Qe7 21. Nxd4 Ne5 22. Qb3 $1 (22. Nf5 Rxc1 23. Rxc1 Qxe6 24. Nxg7+ Bxg7
25. Qxg7 Nf7 26. Kf1 Kd7 $17) 22... b5 23. Nxb5 Rxc1 24. Rxc1 Qd8 25. Nc7+ Ke7
26. Nxa6 $18) 20. exf6 Qxf6 21. Ne1 O-O 22. Nd3 $14 Rd5 23. f4 Qf7 24. Be5 Bd6
25. Re1 Re8 26. Re2 Bf8 27. a3 a5 28. Qg4 Rb5 29. Rf1 Qg6 30. Qf3 Rb3 31. Qd5+
Qf7 32. Qe4 a4 33. Rf3 Rb5 34. Rg3 g6 35. h4 Qd5 $4 36. Rxg6+ $1 $18 Kf7 37.
Qf5+ 1-0